|
|
|
|
| LEADER |
00579nam a22001811a 4500 |
| 020 |
|
|
|a 9788183763301
|c 0.00
|
| 040 |
|
|
|a SSUS - Library - Kalady
|
| 082 |
|
|
|a 158
|b ANJ/A
|
| 100 |
|
|
|a Anjana Singh
|
| 245 |
|
|
|a Applied psychology,
|h [Text]
|
| 260 |
|
|
|a Jaipur
|b ABD
|c 2012
|
| 300 |
|
|
|a 328p.
|
| 600 |
|
|
|a Applied Psychology
|
| 600 |
|
|
|a Psychology
|
| 852 |
|
|
|h 158
|i ANJ/A
|p 072654
|9 1295.00
|t 0
|
| 942 |
|
|
|c BK
|
| 999 |
|
|
|c 2662
|d 2662
|
| 952 |
|
|
|0 0
|1 0
|2 ddc
|4 0
|6 158_000000000000000_ANJ_A
|7 0
|9 4082
|a SSUS
|b SSUS
|d 2015-01-08
|g 1295.00
|l 2
|o 158 ANJ/A
|p 072654
|r 2018-12-05
|s 2018-12-04
|v 0.00
|w 2015-01-08
|y BK
|